000 00655nam a2200241 a 4500
001 0001-1182
003 ELIB.Books
008 150508 2010 eng
020 _a0802841503
035 _a(ELIB.Books)0001-1337
092 _a222
_bHam
100 _aHamlin, E. John.
245 _aSurely There Is a Future
_bA Commetary on the Book of Ruth
260 _aGrand Rapids
_bWm. B. Publishing Co.
_c1996
300 _a82
_c21 Cm
500 _aC/o Moe Lwei
650 _aOld Testament
856 _nKBTS: Library
_uKBTS: Elib
942 _2ddc
_cBK
990 _a6
998 _cbat
_e2015-05-08
_mcat
_u2018-12-10
999 _c11182
_d11182